Jugadores de la Selección Española desde 2020 - Estadísticas

Estadísticas generales
  • Esta prueba ha sido intentada 183 veces
    156 desde el último reinicio
  • La puntuación promedio es 21 de 45
Estadísticas de respuestas
Partido Fecha Debutantes % Correcto
7-1 vs Georgia 8/9/23 Lamine Yamal
93%
2-1 vs Italia 6/10/21 Pablo Gavi
90%
1-2 vs Suiza 24/9/22 Nico Williams
83%
2-1 vs Albania 26/3/22 David Raya
78%
1-1 vs Países Bajos 11/11/20 Unai Simón
76%
0-1 vs Colombia 22/3/24 Pau Cubarsí
75%
1-1 vs Alemania 3/9/20 Mikel Merino
74%
1-1 vs Alemania 3/9/20 Ferran Torres
69%
7-0 vs Costa Rica 23/11/22 Alejandro Balde
64%
0-1 vs Colombia 22/3/24 Álex Remiro
64%
2-1 vs Itaia 15/6/23 Robin Le Normand
64%
0-0 vs Portugal 4/6/21 Aymeric Laporte
63%
3-1 vs Chipre 16/11/23 Alejandro Grimaldo
60%
0-1 vs Colombia 22/3/24 Dani Vivian
60%
4-0 vs Georgia 5/9/21 Robert Sánchez
59%
1-1 vs Alemania 3/9/20 Ansu Fati
56%
5-0 vs Andorra 5/6/24 Fermín López
55%
2-0 vs Escocia 12/10/23 Bryan Zaragoza
54%
2-1 vs Dinamarca 15/11/24 Marc Casadó
52%
2-1 vs Italia 6/10/21 Yéremi Pino
52%
2-1 vs Georgia 28/3/21 Pedro Porro
50%
6-0 vs Chipre 12/9/23 Álex Baena
48%
3-2 vs Suiza 18/11/24 Samu Omorodion
48%
4-0 vs Ucrania 6/9/20 Eric García
45%
3-1 vs Chipre 16/11/23 Aleix García
44%
5-0 vs Andorra 5/6/24 Ayoze Pérez
42%
1-1 vs Grecia 25/3/21 Bryan Gil
41%
2-0 vs Escocia 12/10/23 Fran García
39%
3-2 vs Suiza 18/11/24 Pablo Barrios
38%
0-2 vs Escocia 28/3/23 David García
36%
2-0 vs Escocia 12/10/23 Oihan Sancet
36%
1-1 vs Países Bajos 11/11/20 Marcos Llorente
33%
1-2 vs Suiza 24/9/22 Borja Iglesias
31%
1-1 vs Grecia 25/3/21 Pedri González
30%
3-2 vs Suiza 18/11/24 Aitor Paredes
29%
1-2 vs Suecia 2/9/21 Carlos Soler
26%
3-0 vs Noruega 25/3/23 Joselu Mato
26%
0-0 vs Portugal 7/10/20 Adama Traoré
21%
1-0 vs Dinamrca 12/10/24 Sergio Gómez
19%
3-1 vs Chipre 16/11/23 Rodrigo Riquelme
17%
1-0 vs Noruega 15/10/23 Alfonso Pedraza
12%
4-0 vs Ucrania 6/9/20 Sergio Reguilón
12%
1-1 vs Alemania 3/9/20 Óscar Rodríguez
11%
1-0 vs Grecia 11/11/21 Raúl de Tomás
11%
0-0 vs Portugal 7/10/20 José Campaña
7%
No se encontraron pruebas coincidentes
Distribución de puntuación
Porcentaje de gente con cada puntuación
Porcentaje por número respondido
Historial de tus puntuaciones
No has intentado esta prueba desde el último reinicio